Countries that have participated Eurovision Song Contest - Statistics

General Stats
  • This quiz has been taken 33 times
  • The average score is 49 of 52
Answer Stats
Answer % Correct
Europe Austria
100%
Europe Belgium
100%
Europe Denmark
100%
Europe Finland
100%
Europe/South America France
100%
Europe Greece
100%
Europe/North America Iceland
100%
Europe Ireland
100%
Asia Israel
100%
Europe Latvia
100%
Europe Netherlands
100%
Europe Norway
100%
Europe Slovakia
100%
Europe Slovenia
100%
Europe/Africa Spain
100%
Europe Sweden
100%
Europe/Asia Turkey
100%
Europe United Kingdom
100%
Europe Andorra
96%
Oceania Australia
96%
Europe Croatia
96%
Europe Czech Republic
96%
Europe Estonia
96%
Europe Germany
96%
Europe Hungary
96%
Europe Lithuania
96%
Europe Malta
96%
Europe Portugal
96%
Europe/Asia Russia
96%
Europe Serbia
96%
Europe Switzerland
96%
Europe Albania
93%
Europe Belarus
93%
Europe Bosnia and Herzegovina
93%
Europe Bulgaria
93%
Europe/Asia Cyprus
93%
Europe Italy
93%
Europe Moldova
93%
Europe Montenegro
93%
Europe Romania
93%
Europe San Marino
93%
Europe Ukraine
93%
Europe/Asia Azerbaijan
89%
Europe/Asia Georgia
89%
Europe Luxembourg
89%
Africa Morocco
89%
Europe Poland
89%
Europe Macedonia
86%
Europe/Asia Armenia
82%
Europe Monaco
82%
Europe Yugoslavia
75%
Europe Serbia and Montenegro
36%
No matching quizzes found
Score Distribution
Percent of People with Each Score
Percentile by Number Answered
Your Score History
You have not taken this quiz